00401 a2200133 450000100060000002000060000604000220001210000310003424000320006524500270009730000080012436200090013265001260014157752 a  cAnchieta - Pituba aGurgel, Antonio de Pádua10aJosé Carlos Oliveiralpor10aJosé Carlos Oliveira a2130 a2005 4aPessoas em literatura, história, biografia, genealogia (incluindo historiadores, escritores e críticos da literatura)